书目信息 |
| 题名: |
从欧几里得谈对数学的贡献
|
|
| 作者: | 刘枫 主编 | |
| 分册: | ||
| 出版信息: | 银川 阳光出版社 2016 |
|
| 页数: | 129页 | |
| 开本: | 23cm | |
| 丛书名: | ||
| 单 册: | ||
| 中图分类: | K835.456.11-49 , K835.4 | |
| 科图分类: | ||
| 主题词: | 数学--普及读物 | |
| 电子资源: | ||
| ISBN: | 978-7-5525-2800-8 | |
| 000 | 00798nam0 2200253 450 | |
| 001 | 2367113518 | |
| 005 | 20231230183903.55 | |
| 010 | @a978-7-5525-2800-8@dCNY 35.80 | |
| 100 | @a20180417d2016 em y0chiy0120 ea | |
| 101 | 0 | @achi |
| 102 | @aCN@b640000 | |
| 105 | @aa z 000yd | |
| 200 | 1 | @a从欧几里得谈对数学的贡献@Acong ou ji li de tan dui shu xue de gong xian@b专著@f刘枫主编 |
| 210 | @a银川@c阳光出版社@d2016 | |
| 215 | @a129页@c照片,图@d23cm | |
| 300 | @a站在巨人肩上 | |
| 330 | @a本书内容分为“欧几里得的自我介绍”“青史揽胜”“史海英杰”共三部分。 | |
| 600 | 0 | @a欧几里得@f(约前330-275)@x生平事迹 |
| 606 | 0 | @a数学@j普及读物 |
| 690 | @aK835.456.11-49@v5 | |
| 690 | @aK835.4@v4 | |
| 701 | 0 | @a刘枫@Aliu feng@4主编 |
| 801 | 2 | @aCN@b辽宁北配@c20231205 |
| 905 | @aBZT@dK835.4@e11 | |
| 从欧几里得谈对数学的贡献/刘枫主编.-银川:阳光出版社,2016 |
| 129页:照片,图;23cm |
| 站在巨人肩上 |
| ISBN 978-7-5525-2800-8:CNY 35.80 |
| 本书内容分为“欧几里得的自我介绍”“青史揽胜”“史海英杰”共三部分。 |
| ● |
| 相关链接 |
|
|
|
正题名:从欧几里得谈对数学的贡献
索取号:K835.4/11
 
预约/预借
| 序号 | 登录号 | 条形码 | 馆藏地/架位号 | 状态 | 备注 |
| 1 | 2001730766 | 2001730766 | 辽三/辽宁北配(第三批)/4451/ [索取号:K835.4/11] | 在馆 | |
| 2 | 2001730767 | 2001730767 | 辽三/辽宁北配(第三批)/4451/ [索取号:K835.4/11] | 在馆 | |
| 3 | 2001730768 | 2001730768 | 辽三/辽宁北配(第三批)/4451/ [索取号:K835.4/11] | 在馆 | |
| 4 | 2001730769 | 2001730769 | 辽三/辽宁北配(第三批)/4451/ [索取号:K835.4/11] | 在馆 | |
| 5 | 2001730770 | 2001730770 | 辽三/辽宁北配(第三批)/4451/ [索取号:K835.4/11] | 在馆 | |
| 6 | 2001730771 | 2001730771 | 辽三/辽宁北配(第三批)/4451/ [索取号:K835.4/11] | 在馆 | |
| 7 | 2001730772 | 2001730772 | 辽三/辽宁北配(第三批)/4451/ [索取号:K835.4/11] | 在馆 | |
| 8 | 2001730773 | 2001730773 | 辽三/辽宁北配(第三批)/4451/ [索取号:K835.4/11] | 在馆 | |
| 9 | 2001730774 | 2001730774 | 辽三/辽宁北配(第三批)/4451/ [索取号:K835.4/11] | 在馆 | |
| 10 | 2001730775 | 2001730775 | 辽三/辽宁北配(第三批)/4451/ [索取号:K835.4/11] | 在馆 | |
| 11 | 2001730776 | 2001730776 | 辽三/辽宁北配(第三批)/4451/ [索取号:K835.4/11] | 在馆 | |
| 12 | 2001730777 | 2001730777 | 辽三/辽宁北配(第三批)/4451/ [索取号:K835.4/11] | 在馆 | |
| 13 | 2001730778 | 2001730778 | 辽三/辽宁北配(第三批)/4451/ [索取号:K835.4/11] | 在馆 | |
| 14 | 2001730779 | 2001730779 | 辽三/辽宁北配(第三批)/4451/ [索取号:K835.4/11] | 在馆 | |
| 15 | 2001730780 | 2001730780 | 辽三/辽宁北配(第三批)/4451/ [索取号:K835.4/11] | 在馆 | |
| 16 | 2001730781 | 2001730781 | 辽三/辽宁北配(第三批)/4451/ [索取号:K835.4/11] | 在馆 | |
| 17 | 2001730782 | 2001730782 | 辽三/辽宁北配(第三批)/4451/ [索取号:K835.4/11] | 在馆 | |
| 18 | 2001730783 | 2001730783 | 辽三/辽宁北配(第三批)/4451/ [索取号:K835.4/11] | 在馆 | |
| 19 | 2001730784 | 2001730784 | 辽三/辽宁北配(第三批)/4451/ [索取号:K835.4/11] | 在馆 | |
| 20 | 2001730785 | 2001730785 | 辽三/辽宁北配(第三批)/4451/ [索取号:K835.4/11] | 在馆 | |
| 21 | 2001730786 | 2001730786 | 辽三/辽宁北配(第三批)/4451/ [索取号:K835.4/11] | 在馆 | |
| 22 | 2001730787 | 2001730787 | 辽三/辽宁北配(第三批)/4451/ [索取号:K835.4/11] | 在馆 | |
| 23 | 2001730788 | 2001730788 | 辽三/辽宁北配(第三批)/4451/ [索取号:K835.4/11] | 在馆 | |
| 24 | 2001730789 | 2001730789 | 辽三/辽宁北配(第三批)/4451/ [索取号:K835.4/11] | 在馆 | |
| 25 | 2001730790 | 2001730790 | 辽三/辽宁北配(第三批)/4451/ [索取号:K835.4/11] | 在馆 | |
| 26 | 2001730791 | 2001730791 | 辽三/辽宁北配(第三批)/4451/ [索取号:K835.4/11] | 在馆 | |
| 27 | 2001730792 | 2001730792 | 辽三/辽宁北配(第三批)/4451/ [索取号:K835.4/11] | 在馆 | |
| 28 | 2001730793 | 2001730793 | 辽三/辽宁北配(第三批)/4451/ [索取号:K835.4/11] | 在馆 | |
| 29 | 2001730794 | 2001730794 | 辽三/辽宁北配(第三批)/4451/ [索取号:K835.4/11] | 在馆 | |
| 30 | 2001730795 | 2001730795 | 辽三/辽宁北配(第三批)/4451/ [索取号:K835.4/11] | 在馆 |